000 00315nam a22001337a 4500
008 170828b xxu||||| |||| 00| 0 eng d
020 _a9780555044988
041 _aeng
080 _a070
100 _a39
101 _aMED
245 _aCOMMUNICATION PRINCIPLES FOOR LIFERTIME
_cBEEBE.S.A
942 _2udc
_cBK
999 _c25217
_d25217